000
00241nam a2200097Ia 4500
008
240625s9999 xx 000 0 und d
041
_a
eng
082
_a
808.20 TUT
100
_a
TUTEJA KAPIL
245
_a
RESEARCH BASED SURVEY ON CUSTOMER SATISF
999
_c
35972
_d
35972